000 00563nam a2200193Ia 4500
008 240729s9999 xx 000 0 und d
022 _a2334-265X
245 0 _anpj Schizophrenia
260 _aUnited Kingdom
260 _bNature Portfolio
650 _a Internal medicine
650 _a Neurology. Diseases of the nervous system
650 _a Neurosciences. Biological psychiatry. Neuropsychiatry
650 _a Psychiatry
650 _aMedicine
856 _uhttps://doaj.org/toc/6e382279bc8f4856a394457b73cf2093
942 _2ddc
942 _cDOAJEJ
999 _c73420
_d73420
945 _a1
_bMadushi Gamage
_c1
_dMadushi Gamage